| 000 | 02190nam a22002777a 4500 | ||
|---|---|---|---|
| 999 |
_c63419 _d63419 |
||
| 003 | Ge_BSU | ||
| 005 | 20251006205651.0 | ||
| 008 | 251006s2025 ge ||||| |||| 00| 0 geo d | ||
| 020 | _a9789941876745 | ||
| 041 | _ageo | ||
| 080 | _a348 პ-18 | ||
| 100 |
_aპაპაგეორგიუ, კონსტანტინე გ. _925937 |
||
| 245 |
_aსაეკლესიო სამართალი / _cკონსტანტინე გ. პაპაგეორგიუ; თარგმნა ნიკოლოზ გურგენიძემ; რედაქტორი ნინო დიდბერუაშვილი; სარედაქციო კოლეგია: დეკანოზი ლონგინოზ სუარიშვილი, ეკა ჭყოიძე, ნინო საძაგლიშვილი. |
||
| 250 | _aპირველი გამოცემა | ||
| 264 |
_aთბილისი : _bღვთისმეტყველი, _c2025. |
||
| 300 |
_a404 გვ. ; _b23 სმ. |
||
| 500 | _aთავფურცლის მე-3 გვერდი ინგლისურ ენაზე. | ||
| 501 | _aგამოცემა დაფინანსებულია ა(ა)იპ საქართველოს საპატრიარქოს წმ. გიორგი მთაწმინდელის სახ. სამეცნიერო ცენტრის მიერ. | ||
| 504 | _a ბიბლიოგრაფია: გვ. 383-400. | ||
| 700 |
_aგურგენიძე, ნიკოლოზ _eმთარგმნელი, წინასიტყვაობის ავტორი _925938 |
||
| 700 |
_aდიდბერუაშვილი, ნინო _eრედაქტორი _925939 |
||
| 700 |
_aლონგინოზი (სუარიშვილი), დეკანოზი _eრედაქტორი _925940 |
||
| 700 |
_aჭყოიძე, ეკა _e რედაქტორი _913968 |
||
| 700 |
_aსაძაგლიშვილი, ნინო _eრედაქტორი _925941 |
||
| 942 |
_2udc _cᲬᲘᲒᲜᲘ |
||